The biological importance of the bile salts /

Bibliographic Details
Main Author: Haslewood, G. A. D.
Format: Book
Language:English
Published: Amsterdam ; New York : North Holland Pub. Co. ; 1978.
Series:Frontiers of biology (Amsterdam) ; v. 47.
Subjects:

MARC

Tag First Indicator Second Indicator Subfields
LEADER 00000cam a2200000 i 4500
001 in00000310213
005 20151010141125.0
008 780714s1978 ne a b 00110 eng
010 |a  78014494  
020 |a 0720406625 
035 |a (OCoLC)04135621 
035 |9 ABH2846AM 
040 |a DLC  |c DLC  |d TMC  |d TXA  |d UtOrBLW 
049 |a TXAM  |c [1614520] 
050 0 0 |a QP752.B54  |b H37 
060 0 |a W1 FR946D v.47 1978  |a WI 703 H352ba 
082 0 |a 591.1/32 
100 1 |a Haslewood, G. A. D. 
245 1 4 |a The biological importance of the bile salts /  |c G. A. D. Haslewood. 
264 1 |a Amsterdam ;  |a New York :  |b North Holland Pub. Co. ;  |c 1978. 
264 2 |a New York :  |b Sole distributors for the U.S.A. and Canada, Elsevier North-Holland, 
300 |a xviii, 206 pages :  |b illustrations ;  |c 25 cm. 
336 |a text  |b txt  |2 rdacontent 
337 |a unmediated  |b n  |2 rdamedia 
338 |a volume  |b nc  |2 rdacarrier 
490 1 |a Frontiers of biology ; v. 47 
490 0 |a North-Holland research monographs 
504 |a Includes bibliographies and index. 
650 0 |a Bile salts. 
650 0 |a Bile salts  |x Metabolism. 
650 2 |a Bile Acids and Salts. 
830 0 |a Frontiers of biology (Amsterdam) ;  |v v. 47. 
999 |a MARS 
999 f f |s b9d5cdf7-8beb-333c-a016-9f945a820ca4  |i 1c67610f-3a77-3724-8c0c-a395bbf8c26a  |t 0 
952 f f |p ric  |a Texas A&M University  |b Rellis Campus  |c Joint Library Facility  |d Remote Storage  |t 0  |e QP752.B54 H37  |h Library of Congress classification  |i unmediated -- volume  |m A14805029802 
998 f f |a QP752.B54 H37  |t 0  |l Remote Storage